Statistiques concernant Les prénoms les plus populaires en Allemagne depuis 1920

Cliquez ici pour prendre le quiz!

Statistiques générales

  • Ce quiz a été pris 74 fois
  • Le résultat moyen est 4 sur 20

Statistiques - réponses

INDICEPRENOM% Correct
8HHans
57%
1PPeter
51%
4TThomas
50%
2MMaria
49%
1UUrsula
44%
10HHelmut
26%
3WWolfgang
24%
5KKlaus
17%
7MManfred
16%
2MMichael
14%
8KKarin
13%
6WWerner
10%
5PPetra
9%
3AAndreas
7%
10BBrigitte
6%
9HHeinz
6%
4MMonika
6%
9SSabine
6%
7HHelga
4%
6RRenate
4%

Distribution des résultats

Percentile par nombre de réponses

% des personnes avec chaque résultat

Votre développement - résultats

Vous n’avez pas pris ce quiz